LIBRARY & INFORMATION CENTRE, KCAET, TAVANUR

ONLINE PUBLIC ACCESS CATALOGUE (OPAC)

International conference on watershed management and conservation / (Record no. 5537)

MARC details
000 -LEADER
fixed length control field 00511cam a2200181ua 4500
041 ## - LANGUAGE CODE
Language code of text/sound track or separate title eng
082 ## - DEWEY DECIMAL CLASSIFICATION NUMBER
Classification number 028.7462
Item number VAR/IN
100 ## - MAIN ENTRY--AUTHOR NAME
Personal name Varma, C.V.J.
245 00 - TITLE STATEMENT
Title International conference on watershed management and conservation /
250 ## - EDITION STATEMENT
Edition statement 1 /
260 ## - PUBLICATION, DISTRIBUTION, ETC. (IMPRINT)
Place of publication New Delhi :
Name of publisher Central Board of Irrigation and Power (CBIP) ,
Year of publication 1998.
300 ## - PHYSICAL DESCRIPTION
Number of Pages 558 ; .
700 1# - ADDED ENTRY--PERSONAL NAME
Personal name Murthy, T S .
700 1# - ADDED ENTRY--PERSONAL NAME
Personal name Rao, A R .
942 ## - ADDED ENTRY ELEMENTS (KOHA)
Koha item type Books
Holdings
Withdrawn status Lost status Damaged status Home library Current library Date acquired Full call number Accession Number Koha item type
      KAUAET KAUAET 07/04/2012 028.7462 20008 Reference
free website counter